| 000 | 03869nam a22003137a 4500 | ||
|---|---|---|---|
| 001 | 8998 | ||
| 003 | FISKH | ||
| 005 | 20251113110254.0 | ||
| 008 | 251113b cb ||||| |||| 00| 0 eng d | ||
| 020 | _a9789995088835 | ||
| 040 |
_aFISKH _bkhr _cFISKH _dFISKH |
||
| 050 | _aPZ7 | ||
| 082 | _a959.604 | ||
| 100 | _aSotheary, Kimsun | ||
| 245 |
_aប្រវត្តិភ្នំសំពៅ : _bHistory of Phnom Sompov hill / _cរៀបរៀងដោយ អ្នកស្រី គឹមស៊ុន សុធារី |
||
| 260 |
_aPhnom Penh : _bReading Books , _c2007. |
||
| 300 |
_a20 pages : _bcolor illustrations ; _c25 cm . |
||
| 490 | _aពីភពរឿងនិទាន | ||
| 505 | _aK | ||
| 520 | _aនាង សុវណ្ណមសារើសបានពងក្រពើមួយមានឈ្មោះថា អាធន ។ ចំណេរក្រោយមកព្រះបាទរាជកុលបានចាប់ចិត្តស្រលាញ់នាងដែលជាកូនអ្នកក្រ តែមានរូបសម្បត្តិស្អាតបាត ។តែដោយសារតែនាងជាកូនរាស្រ្តសាមញ្ញទើបទ្រង់មិនចង់រៀបអភិសេកជាមួយនាង ។ ទ្រង់ក៏សម្រេចចិត្តអភិសេកជាមួយនាងរំសាយសក់ដែលមានសក់ទិព្វ ដែលជារាជបុត្រីរបស់ស្តេចក្រុងចន្ទបុរី ។ ព្រះរាជបុត្រាបញ្ជាអោយពលសេនារៀបចំបណ្ណាការដាក់ក្នុងសំពៅដើម្បីដណ្តឺងនាងរំសាយសក់ ។ ក្រោយដឹងដំណឹងនេះនាងសុវណ្ណមសាបានអោយក្រពើអាធនទៅឃាត់សំពៅនោះ ។ នាងរំសាយសក់ក៏មកជួយទ្រង់ដោយច្បូតព្រះកេសាអោយទឹកសមុទ្ររីងស្ងួតទៅជាដីគោកទាំងអស់។ សំពៅក៏ជាប់ក្នុងដីក៏កើតជាភ្នំមានរូបរាងដូចសំពៅ ទើបគេហៅថាភ្នំសំពៅមកដល់សព្វថ្ងៃ ។ | ||
| 520 | _aA young woman named Sovann Mosa once found a crocodile egg, which later hatched into a crocodile she named Athon. Later on, King Reajkol fell in love with Sovann Mosa, even though she was a poor commoner, because she was exceptionally beautiful. However, since she was not of royal blood, the king decided not to marry her. Instead, he chose to marry Princess Romsay Sok, a royal princess from the Kingdom of Chandaborey, who possessed magical hair. The king ordered his soldiers to prepare a royal boat and send it to escort Princess Romsay Sok. When Sovann Mosa heard this news, she asked her crocodile, Athon, to stop the boat. Princess Romsay Sok, realizing what had happened, used her divine power by plucking out a strand of her magical hair and striking the sea, causing the ocean to dry up and turn into land. The royal boat became stuck in the newly formed land, and that land rose up into a mountain shaped like a boat. From that time on, people called it Phnom Sampov — the Boat Mountain — as it is still known today. | ||
| 521 | 8 |
_a520
_bLexile estimate |
|
| 521 | 8 |
_aK
_bRaz-Plus |
|
| 650 |
_aប្រវត្តិភ្នំសំពៅ _vរឿងប្រវត្តិសាស្រ្រ |
||
| 650 |
_aHistory of Phnom Sompov mountain _vHistorical story |
||
| 700 |
_aSan, Thai _eIllustrator |
||
| 942 |
_2ddc _cKHB _n0 |
||
| 999 |
_c8998 _d8998 |
||